00473nam a2200169 a 450000100060000000300090000600800410001504000280005608200150008410000170009924500360011626000320015230000100018449000290019465000400022365000400026312750CO-ViMGA141112s2004 ck r 000 u spa d aCO-ViMGAbspacCO-ViMGA04a330.4 M47f1 aMishan, E. J10aFalacias Económicas populares aBarcelona : bOrbis, c1969 a228p. aBiblioteca de Economía14aEconomía - ENSAYOS - CONFERENCIAS14aINGLATERRA - CONDICIONES ECONOMICAS